[Event "11th EUR-ch"]
[Site "Rijeka CRO"]
[Date "2010.03.11"]
[Round "6"]
[White "Srdoc, Nenad"]
[Black "Cabrijan, Ivan"]
[Result "1-0"]
[WhiteElo "1949"]
[BlackElo "1811"]
[EventDate "2010.03.06"]
[PlyCount "72"]

1.e4 e5 2.f4 Nc6 3.Nf3 d6 4.Bc4 h6 5.c3 Nf6 6.d3 Be7 7.b4 a6 8.O-O Rb8 9.
a4 O-O 10.b5 Na5 11.fxe5 Nxc4 12.exf6 Bxf6 13.dxc4 Bg4 14.Qd3 Ra8 15.Be3 
axb5 16.cxb5 Bxf3 17.Rxf3 Qe7 18.Nd2 b6 19.Bd4 Bg5 20.Nc4 Qe6 21.e5 dxe5 
22.Nxe5 f6 23.Ng6 Rf7 24.h4 f5 25.Ne5 Bf6 26.Nxf7 Bxd4+ 27.cxd4 Qxf7 28.
Rxf5 Qe7 29.Raf1 Rd8 30.Qc4+ Kh7 31.d5 Qe3+ 32.Kh1 Qg3 33.Rf7 Kg8 34.Rxc7 
Kh8 35.Rcf7 Rd6 36.Rf8+ Kh7 1-0

[Event "11th EUR-ch"]
[Site "Rijeka CRO"]
[Date "2010.03.11"]
[Round "6"]
[White "Pfeifer, Antun"]
[Black "Tomulic, Teo"]
[Result "1-0"]
[WhiteElo "1882"]
[BlackElo "1577"]
[EventDate "2010.03.06"]
[PlyCount "31"]

1.e4 c5 2.Nf3 e6 3.d4 cxd4 4.Nxd4 a6 5.Nc3 Qc7 6.Be2 Nf6 7.O-O Bb4 8.Qd3 
O-O 9.Bg5 Be7 10.f4 d6 11.f5 e5 12.Bxf6 Bxf6 13.Nf3 Qb6+ 14.Kh1 Qxb2 15.
Nd5 Qa3 16.Qxa3 1-0

[Event "11th EUR-ch"]
[Site "Rijeka CRO"]
[Date "2010.03.12"]
[Round "7"]
[White "Vuckovic, Bojan"]
[Black "Efimenko, Zahar"]
[Result "1/2-1/2"]
[WhiteElo "2630"]
[BlackElo "2640"]
[EventDate "2010.03.06"]
[PlyCount "114"]

1.e4 e5 2.Nf3 Nc6 3.Bb5 Nf6 4.O-O Nxe4 5.d4 Nd6 6.Bxc6 dxc6 7.dxe5 Nf5 8.
Qxd8+ Kxd8 9.Nc3 Ke8 10.h3 Be6 11.b3 Bb4 12.Bb2 Bxc3 13.Bxc3 Bd5 14.Ne1 h5
15.Nd3 h4 16.Rfe1 Be6 17.Nc5 b6 18.Nxe6 fxe6 19.Rad1 c5 20.Rd3 Rd8 21.
Rxd8+ Kxd8 22.Bd2 Kd7 23.Bg5 b5 24.Re4 a5 25.a4 c4 26.axb5 cxb3 27.cxb3 
Rb8 28.Bxh4 Rxb5 29.Bg5 Rxb3 30.Ra4 Rb5 31.Bd2 Rb1+ 32.Kh2 Rb2 33.Bxa5 
Rxf2 34.Rc4 Rxg2+ 35.Kh1 c6 36.Rxc6 Re2 37.Rc7+ Ke8 38.Bc3 Rc2 39.Ba5 Rxc7
40.Bxc7 Kd7 41.Ba5 Kc6 42.Kg2 Kd5 43.Kf3 Kxe5 44.Bc3+ Kd5 45.Kf4 Nd4 46.
Kg5 Kc4 47.Bb2 e5 48.Kg6 e4 49.Bc1 Ne2 50.Bg5 Ng1 51.Kxg7 Nxh3 52.Bh6 Kd3 
53.Kf6 Ke2 54.Kf5 Kf3 55.Bc1 Nf2 56.Bd2 Nd3 57.Bh6 e3 1/2-1/2

[Event "11th EUR-ch"]
[Site "Rijeka CRO"]
[Date "2010.03.12"]
[Round "7"]
[White "Movsesian, Sergei"]
[Black "Mamedov, Rauf"]
[Result "1/2-1/2"]
[WhiteElo "2709"]
[BlackElo "2639"]
[EventDate "2010.03.06"]
[PlyCount "175"]

1.e4 c5 2.Nf3 d6 3.d4 Nf6 4.Nc3 cxd4 5.Nxd4 Nc6 6.g3 g6 7.Nde2 Bg7 8.Bg2 
O-O 9.h3 Rb8 10.a4 a6 11.O-O b5 12.axb5 axb5 13.Nd5 Nd7 14.c3 Bb7 15.Kh2 
e6 16.Ndf4 Nc5 17.Nd3 Qc7 18.Be3 Ne5 19.Nxe5 dxe5 20.Qc2 f5 21.f3 Ra8 22.
Rxa8 Bxa8 23.b4 Nd7 24.Qd3 fxe4 25.fxe4 Rxf1 26.Bxf1 Qc6 27.Bg2 Bf6 28.Nc1
Nb6 29.Nb3 Nc4 30.Bc5 Bb7 31.Qf1 Bg7 32.Qd3 Bf6 33.Nd2 Nb2 34.Qf3 Bg7 35.
Nb3 Qd7 36.Bf2 Na4 37.Nc5 Nxc5 38.Bxc5 h5 39.h4 Qd2 40.Kh3 Bc6 41.Be7 Qc2 
42.Bg5 Kh7 43.Qe3 Qd1 44.Bf3 Qb1 45.Qe2 Kg8 46.Kh2 Kh7 47.Bg2 Qb3 48.Qd3 
Qb2 49.Kh3 Qb3 50.Qd6 Qxc3 51.Qc7 Kg8 52.Qd8+ Kh7 53.Bf6 Qd4 54.Qc7 Qd7 
55.Qxe5 Bxf6 56.Qxf6 Qb7 57.Qe5 Qe7 58.Kh2 Be8 59.Qb8 e5 60.Bf1 Bc6 61.
Bxb5 Bxe4 62.Bc4 Qf6 63.Qa7+ Qg7 64.Qxg7+ Kxg7 65.Kg1 Kf6 66.Kf2 g5 67.Ke3
Bc6 68.Be2 gxh4 69.gxh4 Be8 70.Ba6 Ke6 71.Bb7 Kd6 72.Bf3 Ke6 73.Kd3 Kf5 
74.Ke3 Ke6 75.Be4 Kd6 76.Kd3 Bf7 77.Kc3 Kc7 78.Bf3 Kd6 79.Kd3 Be8 80.Kc4 
Bg6 81.Kb5 Bd3+ 82.Kb6 e4 83.Bxh5 e3 84.Bd1 e2 85.Bxe2 Bxe2 86.b5 Ke5 87.
Kc5 Bxb5 88.Kxb5 1/2-1/2

[Event "11th EUR-ch"]
[Site "Rijeka CRO"]
[Date "2010.03.12"]
[Round "7"]
[White "Delchev, Alexander"]
[Black "Vallejo Pons, Francisco"]
[Result "1/2-1/2"]
[WhiteElo "2625"]
[BlackElo "2708"]
[EventDate "2010.03.06"]
[PlyCount "82"]

1.d4 d5 2.c4 c6 3.Nc3 Nf6 4.e3 e6 5.Nf3 Nbd7 6.Bd3 dxc4 7.Bxc4 b5 8.Bd3 a6
9.a4 Bb7 10.O-O b4 11.Nb1 c5 12.Nbd2 Be7 13.Qe2 cxd4 14.exd4 a5 15.Nc4 O-O
16.Bf4 Nb6 17.Nce5 Qd5 18.Rfc1 b3 19.Bb5 Rfc8 20.Be3 h6 21.Ne1 Qd6 22.N1d3
Nbd7 23.f3 Bd8 24.Bf2 Qe7 25.Nc6 Bxc6 26.Bxc6 Rab8 27.Bb5 Bb6 28.Rc3 Qd6 
29.Rac1 Rxc3 30.bxc3 Rc8 31.Kh1 Qa3 32.Qb2 Qxb2 33.Nxb2 e5 34.Nc4 Nd5 35.
Bg1 exd4 36.cxd4 Ba7 37.Bxd7 b2 38.Rb1 Rxc4 39.Rxb2 Bxd4 40.Rd2 Bxg1 41.
Rxd5 Rc5 1/2-1/2

[Event "11th EUR-ch"]
[Site "Rijeka CRO"]
[Date "2010.03.12"]
[Round "7"]
[White "Sokolov, Ivan"]
[Black "Caruana, Fabiano"]
[Result "1-0"]
[WhiteElo "2638"]
[BlackElo "2680"]
[EventDate "2010.03.06"]
[PlyCount "131"]

1.d4 d5 2.c4 c6 3.Nc3 Nf6 4.Nf3 e6 5.g3 Nbd7 6.Bg2 dxc4 7.a4 Bb4 8.O-O O-O
9.Qc2 Qe7 10.Bf4 a5 11.e4 b6 12.Rfe1 h6 13.d5 cxd5 14.exd5 Bxc3 15.d6 Qd8 
16.Qxc3 Bb7 17.Qxc4 Rc8 18.Qe2 Nd5 19.Rad1 Nxf4 20.gxf4 Nf6 21.f5 Re8 22.
Ne5 Bxg2 23.Nxf7 Kxf7 24.fxe6+ Kg8 25.Kxg2 Rc5 26.Qf3 Kh8 27.d7 Re7 28.Rd6
Nxd7 29.Red1 Rg5+ 30.Kf1 Qf8 31.exd7 Qxf3 32.d8=Q+ Kh7 33.Qxe7 Rf5 34.Qh4 
Re5 35.Rxh6+ gxh6 36.Rd7+ Kg6 37.Rd6+ Kf7 38.Qc4+ Ke8 39.Re6+ Rxe6 40.
Qxe6+ Kd8 41.Qxb6+ Kc8 42.Qc5+ Kb7 43.Qb5+ Kc8 44.Qc4+ Kb7 45.h4 h5 46.Qd4
Kb8 47.Kg1 Kb7 48.Kh2 Ka8 49.Qh8+ Kb7 50.Qg7+ Kb6 51.Qh6+ Kb7 52.Qe3 Qg4 
53.Qe7+ Kb6 54.Qf6+ Kb7 55.b3 Qd1 56.Qf7+ Kc6 57.Qc4+ Kd7 58.Kg2 Kd8 59.
Qg8+ Ke7 60.Qg5+ Kf7 61.Qf5+ Kg8 62.Qf3 Qc2 63.Qxh5 Qxb3 64.Qxa5 Qb7+ 65.
f3 Qb2+ 66.Kh3 1-0

[Event "11th EUR-ch"]
[Site "Rijeka CRO"]
[Date "2010.03.12"]
[Round "7"]
[White "Hracek, Zbynek"]
[Black "Kurnosov, Igor"]
[Result "1/2-1/2"]
[WhiteElo "2615"]
[BlackElo "2674"]
[EventDate "2010.03.06"]
[PlyCount "43"]

1.e4 e5 2.Nf3 Nc6 3.Bb5 a6 4.Ba4 Nf6 5.O-O b5 6.Bb3 Bc5 7.c3 d6 8.d3 h6 9.
a4 Rb8 10.axb5 axb5 11.Na3 O-O 12.Nc2 b4 13.Ne3 bxc3 14.bxc3 Re8 15.Ba4 
Bd7 16.Nc4 Ne7 17.d4 exd4 18.cxd4 Bb4 19.e5 Nfd5 20.Bd2 Bxa4 21.Qxa4 Bxd2 
22.Ncxd2 1/2-1/2

[Event "11th EUR-ch"]
[Site "Rijeka CRO"]
[Date "2010.03.12"]
[Round "7"]
[White "Iordachescu, Viorel"]
[Black "Fressinet, Laurent"]
[Result "1/2-1/2"]
[WhiteElo "2621"]
[BlackElo "2670"]
[EventDate "2010.03.06"]
[PlyCount "48"]

1.e4 e5 2.Nf3 Nc6 3.Bb5 Nf6 4.O-O Nxe4 5.d4 Nd6 6.Bxc6 dxc6 7.dxe5 Nf5 8.
Qxd8+ Kxd8 9.Nc3 Ke8 10.Ne2 b6 11.Rd1 Bb7 12.Ned4 Nxd4 13.Nxd4 Bc5 14.Nf5 
Rg8 15.h3 Bc8 16.Ng3 Be6 17.b3 a5 18.a4 Rd8 19.Bg5 Rd5 20.c4 Rd7 21.Be3 
Bxe3 22.fxe3 Rxd1+ 23.Rxd1 Ke7 24.e4 f6 1/2-1/2

[Event "11th EUR-ch"]
[Site "Rijeka CRO"]
[Date "2010.03.12"]
[Round "7"]
[White "Inarkiev, Ernesto"]
[Black "Lupulescu, Constantin"]
[Result "1-0"]
[WhiteElo "2667"]
[BlackElo "2598"]
[EventDate "2010.03.06"]
[PlyCount "91"]

1.d4 Nf6 2.c4 c5 3.d5 e6 4.Nc3 exd5 5.cxd5 d6 6.Nf3 g6 7.Bf4 a6 8.a4 Bg7 
9.e4 O-O 10.Be2 Bg4 11.O-O Qe7 12.Qc2 Nbd7 13.Rfe1 Rab8 14.a5 Bxf3 15.Bxf3
Ne8 16.Be2 Nc7 17.Bd2 b5 18.axb6 Rxb6 19.Nd1 Nb5 20.Bxb5 axb5 21.Ra7 Rfb8 
22.Bc3 R6b7 23.Ra6 Rb6 24.Ra1 c4 25.f4 Qf8 26.Nf2 Ra8 27.Rad1 Rba6 28.Qd2 
Bxc3 29.Qxc3 Qg7 30.e5 dxe5 31.fxe5 Re8 32.d6 h5 33.Rd5 Rxe5 34.Rexe5 Nxe5
35.d7 Ra1+ 36.Nd1 Nxd7 37.Qxg7+ Kxg7 38.Rxd7 b4 39.Kf2 Rc1 40.Ke2 c3 41.
bxc3 bxc3 42.Rc7 c2 43.Ne3 Rh1 44.Nf1 h4 45.Kf2 g5 46.g4 1-0

[Event "11th EUR-ch"]
[Site "Rijeka CRO"]
[Date "2010.03.12"]
[Round "7"]
[White "Nisipeanu, Liviu-Dieter"]
[Black "Stocek, Jiri"]
[Result "1/2-1/2"]
[WhiteElo "2661"]
[BlackElo "2591"]
[EventDate "2010.03.06"]
[PlyCount "39"]

1.e4 e5 2.Nf3 Nc6 3.Bb5 Bc5 4.c3 Bb6 5.d4 Nf6 6.Nxe5 Nxe5 7.dxe5 Nxe4 8.
Qg4 Bxf2+ 9.Kd1 c6 10.Qxg7 Rf8 11.Bd3 d5 12.Rf1 Qh4 13.Nd2 Bg4+ 14.Kc2 
O-O-O 15.Nf3 Qh5 16.Qh6 Bxf3 17.gxf3 Qxf3 18.Qf4 Qxf4 19.Bxf4 Bb6 20.Rae1 
1/2-1/2

[Event "11th EUR-ch"]
[Site "Rijeka CRO"]
[Date "2010.03.12"]
[Round "7"]
[White "Khismatullin, Denis"]
[Black "Skoberne, Jure"]
[Result "1-0"]
[WhiteElo "2657"]
[BlackElo "2509"]
[EventDate "2010.03.06"]
[PlyCount "65"]

1.c4 e5 2.Nc3 d6 3.g3 f5 4.d4 Be7 5.Bg2 Nf6 6.Nf3 e4 7.Ng5 c6 8.d5 Ng4 9.
h4 O-O 10.f3 exf3 11.exf3 Re8 12.Ne6 Bxe6 13.fxg4 cxd5 14.Bxd5 Bxd5 15.
Nxd5 Bf6+ 16.Be3 f4 17.gxf4 Nc6 18.Kf2 Bxh4+ 19.Kg2 Nb4 20.g5 Bxg5 21.fxg5
Rxe3 22.Nxe3 Qxg5+ 23.Qg4 Qxe3 24.Rae1 Nc2 25.Qe6+ Qxe6 26.Rxe6 Kf7 27.Re4
Nb4 28.Rf1+ Kg8 29.Re7 Nc6 30.Rxb7 Ne5 31.b3 h5 32.Rf5 Kh7 33.Rxh5+ 1-0

[Event "11th EUR-ch"]
[Site "Rijeka CRO"]
[Date "2010.03.12"]
[Round "7"]
[White "Reinderman, Dimitri"]
[Black "Timofeev, Artiom"]
[Result "1/2-1/2"]
[WhiteElo "2576"]
[BlackElo "2655"]
[EventDate "2010.03.06"]
[PlyCount "34"]

1.c4 c5 2.Nc3 g6 3.g3 Bg7 4.Bg2 Nc6 5.e3 e6 6.Nge2 Nge7 7.O-O O-O 8.d4 
cxd4 9.Nxd4 d5 10.cxd5 Nxd4 11.exd4 Nxd5 12.Nxd5 exd5 13.Be3 Be6 14.Qb3 
Qd7 15.Rac1 Rac8 16.h4 h5 17.Rfe1 Rfe8 1/2-1/2

[Event "11th EUR-ch"]
[Site "Rijeka CRO"]
[Date "2010.03.12"]
[Round "7"]
[White "Gyimesi, Zoltan"]
[Black "Naiditsch, Arkadij"]
[Result "1/2-1/2"]
[WhiteElo "2586"]
[BlackElo "2691"]
[EventDate "2010.03.06"]
[PlyCount "32"]

1.d4 Nf6 2.c4 e6 3.Nf3 d5 4.g3 dxc4 5.Bg2 Nc6 6.Qa4 Nd7 7.Qxc4 Nb6 8.Qb5 
a6 9.Qd3 e5 10.Nxe5 Nb4 11.Qd1 Qxd4 12.Qxd4 Nc2+ 13.Kd1 Nxd4 14.Be3 Nf5 
15.Bxb6 cxb6 16.Nd2 Bd6 1/2-1/2

[Event "11th EUR-ch"]
[Site "Rijeka CRO"]
[Date "2010.03.12"]
[Round "7"]
[White "Areschenko, Alexander"]
[Black "Lenic, Luka"]
[Result "1/2-1/2"]
[WhiteElo "2670"]
[BlackElo "2603"]
[EventDate "2010.03.06"]
[PlyCount "88"]

1.e4 e5 2.Nf3 Nc6 3.d4 exd4 4.Nxd4 Bc5 5.Be3 Qf6 6.c3 Nge7 7.Bc4 Ne5 8.Be2
Qg6 9.O-O d6 10.f4 Qxe4 11.Bf2 Bxd4 12.cxd4 N5g6 13.g3 Qf5 14.Nc3 d5 15.
Bf3 c6 16.Re1 h5 17.h4 Qh3 18.Bg2 Qg4 19.Qd2 Be6 20.Nd1 Nf5 21.Kh2 Nge7 
22.Qb4 O-O-O 23.Nc3 Kb8 24.Na4 Qg6 25.Nc5 Bc8 26.Bh3 b6 27.a4 Ka8 28.Nb3 
Qd6 29.Qc3 f6 30.a5 b5 31.Qc5 Rhe8 32.Re2 Qxc5 33.Nxc5 Ng8 34.Rxe8 Rxe8 
35.Re1 Rxe1 36.Bxe1 Nge7 37.Nb3 Ne3 38.Bb4 Bxh3 39.Bxe7 Bc8 40.Bf8 Nf5 41.
Kg2 Kb8 42.Kf3 Kc7 43.Bc5 a6 44.Nd2 Kd8 1/2-1/2

[Event "11th EUR-ch"]
[Site "Rijeka CRO"]
[Date "2010.03.12"]
[Round "7"]
[White "Halkias, Stelios"]
[Black "Moiseenko, Olexandr"]
[Result "1-0"]
[WhiteElo "2580"]
[BlackElo "2668"]
[EventDate "2010.03.06"]
[PlyCount "77"]

1.c4 Nf6 2.Nc3 e6 3.e4 c5 4.e5 Ng8 5.Nf3 Nc6 6.d4 cxd4 7.Nxd4 Nxe5 8.Ndb5 
a6 9.Nd6+ Bxd6 10.Qxd6 f6 11.Be3 Ne7 12.Bb6 Nf5 13.Bxd8 Nxd6 14.Bc7 Ke7 
15.b3 Ne8 16.Bb6 d6 17.f4 Nd7 18.Bf2 Nc7 19.g3 b6 20.Bh3 Bb7 21.O-O b5 22.
Rfe1 Rhe8 23.Nd5+ Bxd5 24.cxd5 e5 25.Rac1 Rac8 26.Red1 b4 27.fxe5 fxe5 28.
Rc4 Nb5 29.Rg4 Rg8 30.Rxb4 Rc2 31.Be3 Nc5 32.a4 Nc3 33.Bg5+ Kf7 34.Rf1+ 
Kg6 35.Be3 Ne2+ 36.Kh1 e4 37.Bxc5 dxc5 38.Rb6+ Kh5 39.Rf5+ 1-0

[Event "11th EUR-ch"]
[Site "Rijeka CRO"]
[Date "2010.03.12"]
[Round "7"]
[White "Gallagher, Joseph"]
[Black "Vorobiov, Evgeny"]
[Result "0-1"]
[WhiteElo "2486"]
[BlackElo "2616"]
[EventDate "2010.03.06"]
[PlyCount "72"]

1.e4 c5 2.Nc3 d6 3.Nf3 Nf6 4.d4 cxd4 5.Nxd4 a6 6.Be2 Nbd7 7.g4 h6 8.f4 g6 
9.f5 Ne5 10.h3 b5 11.Nf3 Bb7 12.fxg6 Nxg6 13.Qd3 Bg7 14.Bd2 Rc8 15.a3 Qb6 
16.g5 hxg5 17.Nxg5 Ne5 18.Qg3 Bh6 19.Rf1 Bxg5 20.Qxg5 Nxe4 21.Nxe4 Bxe4 
22.Qg7 Kd7 23.Bg4+ f5 24.Rxf5 Nxg4 25.Qxg4 Bxf5 26.Qxf5+ Kc7 27.O-O-O Kb8 
28.Qe4 Qc6 29.Qd3 Rxh3 30.Qg6 Rh1 31.c3 Rxd1+ 32.Kxd1 Qd5 33.Qg7 Qe4 34.
Kc1 Rc5 35.Qg8+ Kc7 36.Qg1 Kb7 0-1

[Event "11th EUR-ch"]
[Site "Rijeka CRO"]
[Date "2010.03.12"]
[Round "7"]
[White "Lysyi, Igor"]
[Black "Nabaty, Tamir"]
[Result "1-0"]
[WhiteElo "2615"]
[BlackElo "2485"]
[EventDate "2010.03.06"]
[PlyCount "97"]

1.d4 d5 2.c4 dxc4 3.Nf3 c5 4.e4 cxd4 5.Qxd4 Qxd4 6.Nxd4 Bd7 7.Bxc4 Nc6 8.
Be3 Rc8 9.Nd2 Nf6 10.Nxc6 Bxc6 11.f3 a6 12.Rc1 e6 13.Kf2 Nd7 14.Nb3 Bd6 
15.Na5 Bb4 16.Nxc6 Rxc6 17.Bxa6 Rxa6 18.Rc8+ Ke7 19.Rxh8 Rxa2 20.Rb1 Bc3 
21.Kf1 Bxb2 22.Rc8 Ra1 23.Rxa1 Bxa1 24.f4 e5 25.f5 b6 26.Ke2 Bb2 27.Kd3 
Ba3 28.Kc4 Nf6 29.Ra8 Bc5 30.Bg5 Bg1 31.h3 h6 32.Bh4 g5 33.fxg6 fxg6 34.
Kd3 g5 35.Be1 Bd4 36.Bb4+ Kf7 37.Ra7+ Kg6 38.Rc7 Nh5 39.Rc6+ Kg7 40.Ke2 
Nf4+ 41.Kf3 h5 42.Bd2 Bc5 43.Bc3 g4+ 44.hxg4 hxg4+ 45.Kxg4 Nxg2 46.Bxe5+ 
Kf7 47.Bc7 Ne3+ 48.Kf4 Nc4 49.Bxb6 1-0

[Event "11th EUR-ch"]
[Site "Rijeka CRO"]
[Date "2010.03.12"]
[Round "7"]
[White "Howell, David"]
[Black "Womacka, Mathias"]
[Result "1-0"]
[WhiteElo "2612"]
[BlackElo "2452"]
[EventDate "2010.03.06"]
[PlyCount "83"]

1.e4 c5 2.Nf3 d6 3.d4 cxd4 4.Nxd4 Nf6 5.Nc3 a6 6.Qf3 g6 7.h3 Bg7 8.Be3 Bd7
9.O-O-O Nc6 10.Nxc6 bxc6 11.e5 dxe5 12.Bc4 O-O 13.Bc5 Rb8 14.Bb3 a5 15.g4 
e4 16.Qg3 Re8 17.Na4 Qc8 18.Rhe1 Rb5 19.c4 Rb8 20.Nb6 Rxb6 21.Bxb6 Qa6 22.
Bd4 Be6 23.g5 Nh5 24.Qc3 a4 25.Bc2 Bxc4 26.Bxg7 Nxg7 27.Rxe4 Bb5 28.h4 Qc8
29.Bxa4 Qf5 30.Qe3 Bxa4 31.Rxa4 Ne6 32.Re4 Ra8 33.Re5 Qg4 34.Re4 Qf5 35.a3
Ra5 36.Rc4 Re5 37.Qc3 Nf4 38.Qc2 Ne2+ 39.Kb1 Qxf2 40.Re4 f6 41.Rxe5 fxe5 
42.Qxc6 1-0

[Event "11th EUR-ch"]
[Site "Rijeka CRO"]
[Date "2010.03.12"]
[Round "7"]
[White "Potkin, Vladimir"]
[Black "Zufic, Miroslav"]
[Result "1-0"]
[WhiteElo "2606"]
[BlackElo "2445"]
[EventDate "2010.03.06"]
[PlyCount "81"]

1.d4 Nf6 2.c4 e6 3.Nf3 Bb4+ 4.Nbd2 O-O 5.a3 Be7 6.e4 d5 7.e5 Nfd7 8.b4 a5 
9.b5 c5 10.cxd5 exd5 11.Be2 a4 12.Bb2 cxd4 13.O-O d3 14.Bxd3 Nc5 15.Bc2 
Nbd7 16.Re1 Nb6 17.Nd4 Ne6 18.Nf5 Bc5 19.Rc1 Bd7 20.Nd6 Qh4 21.Rf1 Bxd6 
22.exd6 Bxb5 23.Re1 Nf4 24.g3 Nh3+ 25.Kg2 Qh6 26.Bf5 Nxf2 27.Kxf2 Qxh2+ 
28.Kf3 Rfe8 29.Re7 Nc4 30.Nxc4 dxc4 31.Qd4 Bc6+ 32.Be4 c3 33.Bxc3 Qh6 34.
Bxc6 bxc6 35.Rce1 Rf8 36.d7 f6 37.Qc4+ Kh8 38.Qxc6 Qh5+ 39.Kg2 Rad8 40.Re8
Qf5 41.Rxd8 1-0

[Event "11th EUR-ch"]
[Site "Rijeka CRO"]
[Date "2010.03.12"]
[Round "7"]
[White "Ter-Sahakian, Samvel"]
[Black "Socko, Bartosz"]
[Result "0-1"]
[WhiteElo "2513"]
[BlackElo "2637"]
[EventDate "2010.03.06"]
[PlyCount "82"]

1.e4 c5 2.Nf3 Nc6 3.d4 cxd4 4.Nxd4 g6 5.Nc3 Bg7 6.Be3 Nf6 7.Bc4 d6 8.f3 
Qb6 9.Nf5 Qxb2 10.Nxg7+ Kf8 11.Nd5 Nxd5 12.Bxd5 Kxg7 13.O-O Qc3 14.Re1 f6 
15.Rb1 Rd8 16.h4 h5 17.Kf2 Qa5 18.Qe2 e6 19.Bb3 d5 20.exd5 exd5 21.Rbd1 
Bf5 22.Bd4 Rd7 23.Qe3 Rad8 24.Qf4 Qc7 25.Kg3 Nxd4 26.Rxd4 Bxc2 27.Qxc7 
Rxc7 28.Bxc2 Rxc2 29.Re7+ Kh6 30.Ra4 a6 31.Rxb7 Rd6 32.Ra7 Rcc6 33.Rd4 g5 
34.Re7 gxh4+ 35.Kxh4 Rc2 36.Ra4 d4 37.Ra5 Rxg2 38.Rxh5+ Kg6 39.Ra5 d3 40.
Re1 d2 41.Rd1 Re2 0-1

[Event "11th EUR-ch"]
[Site "Rijeka CRO"]
[Date "2010.03.12"]
[Round "7"]
[White "Mastrovasilis, Athanasios"]
[Black "l`Ami, Erwin"]
[Result "1/2-1/2"]
[WhiteElo "2511"]
[BlackElo "2628"]
[EventDate "2010.03.06"]
[PlyCount "84"]

1.c4 Nf6 2.Nc3 e5 3.g3 d5 4.cxd5 Nxd5 5.Bg2 Nb6 6.Nf3 Nc6 7.O-O Be7 8.a3 
g5 9.d4 exd4 10.Nb5 O-O 11.Nfxd4 Nxd4 12.Nxd4 Bf6 13.Nb5 Qxd1 14.Rxd1 c6 
15.Nc3 Be7 16.Ne4 h6 17.Be3 Bf5 18.b4 Rfe8 19.Bd4 Bxe4 20.Bxe4 Bf6 21.f3 
Kg7 22.Kf2 Rad8 23.Bxf6+ Kxf6 24.Rac1 a6 25.h4 Rxd1 26.Rxd1 Ke5 27.Bc2 f5 
28.Bb3 Nd5 29.hxg5 hxg5 30.Rh1 Kd4 31.Rd1+ Ke5 32.Rh1 Kd4 33.Rd1+ Ke5 34.
Bxd5 cxd5 35.Rc1 Re7 36.Ke3 f4+ 37.gxf4+ gxf4+ 38.Kd3 Kd6 39.Rc3 Re3+ 40.
Kd2 d4 41.Rxe3 dxe3+ 42.Kd3 Kd5 1/2-1/2

[Event "11th EUR-ch"]
[Site "Rijeka CRO"]
[Date "2010.03.12"]
[Round "7"]
[White "Drozdovskyi, Yuri"]
[Black "Grigoriants, Sergey"]
[Result "1/2-1/2"]
[WhiteElo "2627"]
[BlackElo "2562"]
[EventDate "2010.03.06"]
[PlyCount "113"]

1.d4 Nf6 2.c4 g6 3.g3 Bg7 4.Nf3 O-O 5.Bg2 c5 6.Nc3 cxd4 7.Nxd4 Nc6 8.O-O 
Ng4 9.e3 d6 10.Nde2 Qa5 11.Nd5 Qc5 12.Nd4 Nge5 13.b3 Bg4 14.f3 Bd7 15.Bb2 
e6 16.Nc3 Qb4 17.Rf2 a6 18.Rd2 Rac8 19.Nc2 Qa5 20.Rxd6 Be8 21.Qd2 b5 22.
cxb5 axb5 23.a3 Ne7 24.Nd4 Qc7 25.Ncxb5 Qb8 26.a4 Bxb5 27.Nxb5 Nf5 28.Ra6 
Qb7 29.Ra7 Qb6 30.Kh1 Rfd8 31.Qe2 Nc6 32.Bxg7 Kxg7 33.a5 Qc5 34.Rc7 Rxc7 
35.Nxc7 Qe5 36.Rc1 Qxc7 37.f4 Nfe7 38.Qc2 Rc8 39.b4 Qd6 40.Qb2+ Kg8 41.
Bxc6 Rxc6 42.Rxc6 Nxc6 43.a6 Qd3 44.Qa1 Qe4+ 45.Kg1 Qxe3+ 46.Kg2 Qe4+ 47.
Kh3 Qf5+ 48.Kg2 Qd5+ 49.Kh3 Nxb4 50.a7 Qa8 51.Qb1 Nc6 52.Qe4 h5 53.Qf3 Qc8
54.Qa3 Qa8 55.Qf3 Kf8 56.Qc3 Kg8 57.Qf3 1/2-1/2

[Event "11th EUR-ch"]
[Site "Rijeka CRO"]
[Date "2010.03.12"]
[Round "7"]
[White "Giri, Anish"]
[Black "Brkic, Ante"]
[Result "1/2-1/2"]
[WhiteElo "2624"]
[BlackElo "2543"]
[EventDate "2010.03.06"]
[PlyCount "39"]

1.d4 Nf6 2.c4 g6 3.Nc3 d5 4.cxd5 Nxd5 5.e4 Nxc3 6.bxc3 Bg7 7.Nf3 c5 8.Be3 
Qa5 9.Qd2 O-O 10.Rc1 Rd8 11.d5 Nc6 12.Bg5 Bg4 13.Be2 Bxf3 14.Bxf3 Rd7 15.
Qb2 Ne5 16.Be2 c4 17.O-O e6 18.Rfd1 exd5 19.exd5 b6 20.d6 1/2-1/2

[Event "11th EUR-ch"]
[Site "Rijeka CRO"]
[Date "2010.03.12"]
[Round "7"]
[White "Mamedov, Nidjat"]
[Black "Swiercz, Dariusz"]
[Result "1-0"]
[WhiteElo "2623"]
[BlackElo "2488"]
[EventDate "2010.03.06"]
[PlyCount "101"]

1.e4 c5 2.Nf3 d6 3.d4 cxd4 4.Nxd4 Nf6 5.Nc3 a6 6.Be3 e5 7.Nb3 Be7 8.f3 Be6
9.Qd2 O-O 10.O-O-O Nbd7 11.g4 b5 12.Rg1 Nb6 13.g5 Nh5 14.Kb1 Qc7 15.Nd5 
Bxd5 16.exd5 g6 17.Na5 Nxd5 18.Qxd5 Qxa5 19.Bc4 Qc7 20.Bb3 Rac8 21.Rg4 Qc6
22.Re4 Kh8 23.a4 f5 24.Rb4 f4 25.Bf2 Bxg5 26.axb5 axb5 27.Rxb5 Nf6 28.Qxc6
Rxc6 29.h4 Bh6 30.Rb7 Ra8 31.c3 Bg7 32.Kc2 Bf8 33.Rf7 Bg7 34.h5 Rf8 35.
hxg6 hxg6 36.Rh1+ Nh5 37.Rd7 Rb8 38.Bf7 Kh7 39.Rg1 d5 40.Bxd5 Ra6 41.b4 
Kh6 42.Kb3 Nf6 43.Rh1+ Kg5 44.Bh4+ Kf5 45.Rxg7 Nxd5 46.Rg1 Nf6 47.Re7 Ng8 
48.Rg5+ Kf6 49.Rgxe5+ g5 50.Bxg5+ Kg6 51.Rc7 1-0

[Event "11th EUR-ch"]
[Site "Rijeka CRO"]
[Date "2010.03.12"]
[Round "7"]
[White "Podolchenko, Evgeniy"]
[Black "Balogh, Csaba"]
[Result "1/2-1/2"]
[WhiteElo "2502"]
[BlackElo "2622"]
[EventDate "2010.03.06"]
[PlyCount "135"]

1.d4 d5 2.c4 c6 3.Nf3 Nf6 4.Nc3 dxc4 5.a4 Bf5 6.Ne5 Nbd7 7.Nxc4 Qc7 8.Qd2 
Be6 9.e3 Bxc4 10.Bxc4 e5 11.Qc2 Bd6 12.h3 O-O 13.dxe5 Bxe5 14.O-O Rad8 15.
Bd2 Nc5 16.Rfd1 Qe7 17.Be1 Bc7 18.b4 Ncd7 19.b5 Qe5 20.g3 h5 21.bxc6 bxc6 
22.h4 Ng4 23.Ne2 Qf6 24.Nf4 Nde5 25.Be2 g6 26.a5 Qe7 27.Rdb1 Rb8 28.Rc1 
Bd6 29.Rab1 Bb4 30.Bxb4 Rxb4 31.Nd3 Rc4 32.Qb2 Rxc1+ 33.Rxc1 Nxd3 34.Bxd3 
Rd8 35.Bf1 Ne5 36.Be2 c5 37.Qa3 Rc8 38.a6 Qd6 39.Rd1 Qc6 40.Qc3 Nf3+ 41.
Bxf3 Qxf3 42.Rc1 Qe2 43.Qc4 Qxc4 44.Rxc4 Kf8 45.e4 Ke7 46.Kg2 Kd6 47.Kf3 
Rc6 48.Kf4 f6 49.f3 Rxa6 50.g4 hxg4 51.fxg4 Ra1 52.h5 Rf1+ 53.Kg3 gxh5 54.
gxh5 Rh1 55.Kg4 Kc6 56.Rc3 a5 57.Rh3 Rxh3 58.Kxh3 a4 59.h6 a3 60.h7 a2 61.
h8=Q a1=Q 62.Qe8+ Kd6 63.Qb8+ Ke7 64.Qb7+ Kf8 65.Qc8+ Kg7 66.Qg4+ Kf8 67.
Qc8+ Kf7 68.Qd7+ 1/2-1/2

[Event "11th EUR-ch"]
[Site "Rijeka CRO"]
[Date "2010.03.12"]
[Round "7"]
[White "Maiorov, Nikita"]
[Black "Belov, Vladimir"]
[Result "1/2-1/2"]
[WhiteElo "2510"]
[BlackElo "2619"]
[EventDate "2010.03.06"]
[PlyCount "112"]

1.d4 g6 2.Nf3 Bg7 3.g3 d6 4.Bg2 Nd7 5.O-O e5 6.c4 Ne7 7.Nc3 O-O 8.e4 exd4 
9.Nxd4 Nc6 10.Nde2 a5 11.Rb1 Nc5 12.b3 f5 13.Be3 Nxe4 14.Nxe4 fxe4 15.Bxe4
Qe7 16.Bd5+ Kh8 17.Qd2 Bf5 18.Rbc1 Rae8 19.Nd4 Nxd4 20.Bxd4 b6 21.Bc6 Rd8 
22.Rce1 Qf7 23.Re3 Bxd4 24.Qxd4+ Qg7 25.Qh4 g5 26.Qh5 Bd7 27.Bxd7 Rxd7 28.
Re8 Rf7 29.Rxf8+ Rxf8 30.Re1 Qf6 31.Re2 Kg7 32.Qg4 h6 33.Kg2 Rf7 34.Qe4 h5
35.f3 g4 36.f4 h4 37.Qd5 h3+ 38.Kf2 c6 39.Qe4 b5 40.Rd2 bxc4 41.bxc4 Re7 
42.Qd4 Rd7 43.Qd3 Rb7 44.Qe2 Qf5 45.Rd3 Kf7 46.Re3 a4 47.Qd2 Qf6 48.Re2 
Rb1 49.Qe3 Rb2 50.Qe8+ Kg7 51.Qd7+ Kh6 52.Qxg4 Qd4+ 53.Kf3 Qd3+ 54.Kf2 
Qd4+ 55.Kf3 Qd3+ 56.Kf2 Qd4+ 1/2-1/2

[Event "11th EUR-ch"]
[Site "Rijeka CRO"]
[Date "2010.03.12"]
[Round "7"]
[White "Djurovic, Goran"]
[Black "Markus, Robert"]
[Result "0-1"]
[WhiteElo "2276"]
[BlackElo "2618"]
[EventDate "2010.03.06"]
[PlyCount "124"]

1.Nf3 Nf6 2.c4 g6 3.Nc3 Bg7 4.e4 d6 5.d4 O-O 6.Be2 Nbd7 7.O-O e5 8.Be3 Re8
9.d5 Ng4 10.Bg5 f6 11.Bh4 Nf8 12.h3 Nh6 13.Nh2 c5 14.f3 Nf7 15.Rb1 h5 16.
Bf2 Bh6 17.b4 cxb4 18.Rxb4 Nd7 19.Na4 b6 20.Kh1 Qe7 21.Rg1 Kh7 22.Bf1 Nb8 
23.Rb3 Na6 24.Ra3 Bd7 25.Nc3 Nc5 26.Nb5 Bxb5 27.cxb5 Rac8 28.g3 h4 29.g4 
Bg5 30.Qe1 Kg7 31.Bxh4 Bxh4 32.Qxh4 Rh8 33.Qe1 Rh7 34.Rg3 Ng5 35.Bg2 Rch8 
36.Qf1 Rh4 37.Re3 R4h7 38.Kg1 Qb7 39.f4 exf4 40.Qxf4 Qe7 41.Nf3 Nce6 42.
dxe6 Nxe6 43.Qf5 gxf5 44.exf5 Qc7 45.fxe6 Qc1+ 46.Kf2 Re8 47.Bf1 Qc5 48.
Ne1 Rxe6 49.Nd3 Qd4 50.Ke2 Rxe3+ 51.Rxe3 Kf8 52.Kf3 Qd5+ 53.Kg3 Qxb5 54.
Rf3 Kg7 55.Rf5 Qc4 56.Nf4 Qxa2 57.Bd3 Qb3 58.Rd5 Qa3 59.h4 Qc1 60.Ng2 Rh8 
61.g5 Re8 62.gxf6+ Kxf6 0-1

[Event "11th EUR-ch"]
[Site "Rijeka CRO"]
[Date "2010.03.12"]
[Round "7"]
[White "Prohaszka, Peter"]
[Black "Edouard, Romain"]
[Result "1/2-1/2"]
[WhiteElo "2501"]
[BlackElo "2617"]
[EventDate "2010.03.06"]
[PlyCount "23"]

1.d4 d5 2.Nf3 Nf6 3.c4 dxc4 4.e3 e6 5.Bxc4 a6 6.O-O c5 7.dxc5 Bxc5 8.Qxd8+
Kxd8 9.b3 Ke7 10.Bb2 Nbd7 11.Nbd2 b6 12.Be2 1/2-1/2

[Event "11th EUR-ch"]
[Site "Rijeka CRO"]
[Date "2010.03.12"]
[Round "7"]
[White "Khairullin, Ildar"]
[Black "Oleksienko, Mykhailo"]
[Result "1/2-1/2"]
[WhiteElo "2617"]
[BlackElo "2525"]
[EventDate "2010.03.06"]
[PlyCount "35"]

1.d4 d5 2.c4 c6 3.Nc3 Nf6 4.e3 g6 5.Nf3 Bg7 6.Bd3 O-O 7.O-O Bg4 8.h3 Bxf3 
9.Qxf3 e6 10.Rd1 Nbd7 11.Qe2 Qe7 12.b3 Rfd8 13.a4 a5 14.Ba3 Qe8 15.b4 axb4
16.Bxb4 dxc4 17.Bxc4 Nd5 18.Nxd5 1/2-1/2